Oxidations in organic systhesis / (Record no. 79046)

MARC details
000 -LEADER
fixed length control field 00681nam a22002057a 4500
005 - DATE AND TIME OF LATEST TRANSACTION
control field 20130924110239.0
010 ## - LCCN (DPL NO)
LC control number B-512617
020 ## - INTERNATIONAL STANDARD BOOK NUMBER
International Standard Book Number 9789380618319
Terms of availability 995.00
035 ## - SYSTEM CONTROL NUMBER
System control number B-512617
037 ## - SOURCE OF ACQUISITION
Source of stock number/acquisition BSB/Ven.
082 ## - DEWEY DECIMAL CLASSIFICATION NUMBER
Classification number 547.23
100 ## - MAIN ENTRY--PERSONAL NAME
Personal name Ahluwalia, V.K.
245 ## - TITLE STATEMENT
Title Oxidations in organic systhesis /
Statement of responsibility, etc by V.K. Ahluwalia
260 ## - PUBLICATION, DISTRIBUTION, ETC. (IMPRINT)
Place of publication, distribution, etc New Delhi
Name of publisher, distributor, etc Ane Books
Date of publication, distribution, etc 2012
270 ## - ADDRESS
Address 4821, Parwana Bhawan, 1st Floor, 24 Ansari Road, Darya Ganj
City New Delhi
Postal code 110002
300 ## - PHYSICAL DESCRIPTION
Extent xvi,323p.
Dimensions 24cm(Hb)
Other physical details ill.
500 ## - GENERAL NOTE
General note Includes index
942 ## - ADDED ENTRY ELEMENTS (KOHA)
Source of classification or shelving scheme Dewey Decimal Classification
Item type English Books
Call number suffix AHL
Classification part 547.23
Holdings
Withdrawn status Lost status Not for loan Collection code Home library Current library Date acquired Source of acquisition Cost, normal purchase price Full call number Barcode Copy number Cost, replacement price Koha item type
      Non-fiction Patel Nagar Patel Nagar 23/09/2013 BSB/882/09.03.13/169/08.03.13/23.03.13 995.00 547.23 AHL B-512617 1 995.00 English Books

© Delhi Public Library
Hit Counter
free hit counter